Oklahoma City Thunder 2020's Starters - Statistics

General Stats
  • This quiz has been taken 472 times
    304 since last reset
  • The average score is 9 of 16
Answer Stats
Player Starts % Correct
Shai Gilgeous-Alexander 7
100%
Chet Holmgren 2
96%
Jalen Williams 3
96%
Jaylin Williams 1
95%
Luguentz Dort 6
92%
Isaiah Hartenstein 2
88%
Chris Paul 1
81%
Steven Adams 1
70%
Cason Wallace 2
62%
Josh Giddey 3
62%
Danilo Gallinari 1
24%
Darius Bazley 2
19%
Jeremiah Robinson-Earl 1
10%
Isaiah Roby 1
9%
Terrance Ferguson 1
9%
Théo Maledon 1
8%
No matching quizzes found
Score Distribution
Percent of People with Each Score
Percentile by Number Answered
Your Score History
You have not taken this quiz since the last reset